Представление документа в формате RUSMARC

ПолеНазваниеЗначение
  Тип записи a
  Библиографический уровень a
001 Контрольный номер RU/CBS_UL/BASE/558293695
005 Дата корректировки 20240209175216.0
100 Данные общей обработки __
a Данные общей обработки 20170909d2017 ||| 0rusy0189 ca
101 Язык документа 0_
a Язык текста rus
102 Страна публикации __
a Страна публикации RU
105 Кодированные данные (монография) __
a Кодированные данные (монография) y###||||000|y
200 Заглавие и сведения об ответственности 1_
a Заглавие "Способ стать счастливым..."
b Общее обозначение материала Текст
e Сведения, относящиеся к заглавию [биографический калейдоскоп, посвящённый жизни Х.К. Андерсена, а также викторина по его произведениям для учащихся 5-7-х классов]
f Первые сведения об ответственности Н.Н. Тихонова
300 Общие примечания __
a Общие примечания Ограничения по возрасту - 0+
320 Библиография __
a Библиография Библиогр.: с. 53
461 Уровень набора _0
1 2000
a Читаем, учимся, играем
463 Уровень физической единицы _0
1 001RU/CBS_UL/BASE/558109634
1 2000
a № 1
v С. 50-53 : фото
1 210
d 2017
600 Персоналии _0
a Персоналии (Фамилия) Андерсен
b Персоналии (Имя, инициалы) Х.К.
606 Тематические рубрики 0_
a Основная рубрика Андерсен, Ханс Кристиан (1805-1875 гг.) - Сценарии
610 Ключевые слова 0_
a Ключевые слова писатели
a Ключевые слова датские писатели
a Ключевые слова сценарии
a Ключевые слова викторины
a Ключевые слова сказки
686 Индексы других классификаций __
a Классификационный индекс 74.200.5
2 Код системы ББК
700 Автор _1
a Фамилия Тихонова
b Имя (инициалы) Н.Н.
801 Источник записи _0
a Страна RU
b Организация МБУК ЦБС г. Ульяновска
c Дата составления 20170909
g Правила каталогизации RCR
801 Источник записи _1
a Страна RU
b Организация МБУК ЦБС г. Ульяновска
c Дата составления 20170909
g Правила каталогизации RCR
901 Тип документа __
t Тип документа b
w Контрольный № источника RU/CBS_UL/BASE/558109634
910 Корректоры записи __
a Корректор записи Библиотека 6
938 Служебная информация __
a Имя БД period